Fatores ecologicos que influenciam a interacao entre as abelhas (Apoidea)e os capitulos de Senecio brasiliensis (Sprengel)Lessing, variedades brasiliensis e tripartitus, no municipio de Curitiba, Parana [maria-mole, Brasil] (Registro n. 30130)
[ somente texto ]
| 000 -LÍDER | |
|---|---|
| campo de controle de tamanho fixo | 01147nam a22003137a 4500 |
| 001 - NÚMERO DE CONTROLE | |
| campo de controle | BR8005244 |
| 003 - IDENTIFICADOR DO NÚMERO DE CONTROLE | |
| campo de controle | BR-BrBNA |
| 005 - DATA E HORÁRIO DA ÚLTIMA TRANSAÇÃO | |
| campo de controle | 20230928090714.0 |
| 007 - CAMPO FIXO DE DESCRIÇÃO FÍSICA--INFORMAÇÃO GERAL | |
| campo de controle de tamanho fixo | ta |
| 008 - CAMPO DE DADOS FIXOS--INFORMAÇÃO GERAL | |
| campo de controle de tamanho fixo | 230509b bl.||||| |||| 00| 0 por d |
| 040 ## - FONTE DA CATALOGAÇÃO | |
| Instituição da catalogação original | BR-BrBNA |
| Idioma da catalogação | por |
| Instituição que transcreveu o registro | Biblioteca Nacional de Agricultura |
| 041 ## - CÓDIGO DE IDIOMA | |
| Código do idioma do texto/trilha sonora ou título diferente | (Por) |
| 072 ## - CÓDIGO DE CATEGORIA DE ASSUNTO | |
| Código de Categoria de Assunto | F60; F40; L20 |
| Código do objeto | 2790 |
| -- | 7100 |
| -- | /G514 |
| 090 ## - NÚMERO DE CHAMADA LOCAL | |
| -- | 2790 BR8005244 |
| 100 1# - ENTRADA PRINCIPAL--NOME PESSOAL | |
| Nome pessoal | Soares, J. |
| 110 1# - ENTRADA PRINCIPAL--NOME CORPORATIVO | |
| Nome corporativo ou nome da jurisdição | Universidade Federal do Parana, Curitiba (Brasil) |
| Grau Universitário | Tese (Mestrado) |
| 245 1# - TÍTULO | |
| Título | Fatores ecologicos que influenciam a interacao entre as abelhas (Apoidea)e os capitulos de Senecio brasiliensis (Sprengel)Lessing, variedades brasiliensis e tripartitus, no municipio de Curitiba, Parana [maria-mole, Brasil] |
| 260 3# - PUBLICAÇÃO, DISTRIBUIÇÃO, ETC. | |
| Local de publicação, distribuição, etc. | Curitiba, PR (Brasil): |
| Data da publicação, distribuição, etc. | 1980. |
| 300 ## - DESCRIÇÃO FÍSICA | |
| Extensão | 153 p. |
| 500 ## - NOTA GERAL | |
| Nota geral | Summary (Eng); Bibliography p. 100-109 (109 ref.). (*) Documento disponível na(o) UFPR, Curitiba, PR (Brazil). Biblioteca Central |
| 650 ## - ASSUNTO--TERMO TÓPICO | |
| Cabeçalho tópico ou nome geográfico | ABELHA |
| 650 ## - ASSUNTO--TERMO TÓPICO | |
| Cabeçalho tópico ou nome geográfico | MARIA-MOLE |
| 650 ## - ASSUNTO--TERMO TÓPICO | |
| Cabeçalho tópico ou nome geográfico | POLINIZACAO |
| 650 ## - ASSUNTO--TERMO TÓPICO | |
| Cabeçalho tópico ou nome geográfico | MEIO AMBIENTE |
| 650 ## - ASSUNTO--TERMO TÓPICO | |
| Cabeçalho tópico ou nome geográfico | CURITIBA |
| 650 ## - ASSUNTO--TERMO TÓPICO | |
| Cabeçalho tópico ou nome geográfico | PARANA |
| 909 ## - | |
| -- | 202309 |
| -- | Lucia |
| -- | 55 |
| -- | Lucia Elande |
| 942 ## - ELEMENTOS DE ENTRADA ADICIONADOS (KOHA) | |
| Tipo de material Koha | Livros |
| Situação do descarte | Fonte da classificação ou esquema de arquivamento na estante | Situação física | Não pode ser emprestado | Biblioteca de origem | Biblioteca atual | Total de empréstimos | Data de último acesso | Número do exemplar | Tipo de material Koha | Nota pública | Situação das perdas | Data de aquisição | Fonte de aquisição | Qualificador de local codificado | Custo, preço normal de compra | Número do inventário | Custo, preço de reposição | Preço efetivo de |
|---|---|---|---|---|---|---|---|---|---|---|---|---|---|---|---|---|---|---|
| Classificação AGRIS | INDISPONÍVEL | Centro Cooperante | Centro Cooperante | 25/09/2023 | 01 | Livros | (*) Documento disponível na(o) UFPR, Curitiba, PR (Brazil). Biblioteca Central | Em falta |

BINAGRI